[Event "DVM U14 2022"]
[Site "Kelheim GER"]
[Date "2022.12.29"]
[Round "5"]
[White "Möller, Maurin"]
[Black "Polzin, Gustav"]
[Result "1-0"]
[Termination "normal"]
[Board "4.1"]
[WhiteElo "1998"]
[BlackElo "1880"]
[WhiteClock "00:14:29"]
[BlackClock "00:16:25"]
[WhiteTeam "SK Blauer Springer Paderborn 1926 e. V."]
[BlackTeam "USV Halle"]
[PlyCount "135"]
[WhiteFideId "16265696"]
[BlackFideId "34603280"]
[EventCountry "GER"]
[EventRounds "7"]
[EventType "team-swiss"]
[EventDate "2022.12.26"]

1. e4 {[%clk 01:30:57]} {[%emt 00:00:02]} c6 {[%clk 01:30:32]} {[%emt
00:00:29]} 2. c4 {[%clk 01:31:14]} {[%emt 00:00:13]} d5 {[%clk 01:30:18]}
{[%emt 00:00:44]} 3. exd5 {[%clk 01:31:34]} {[%emt 00:00:10]} cxd5 {[%clk
01:30:30]} {[%emt 00:00:17]} 4. cxd5 {[%clk 01:31:58]} {[%emt 00:00:07]} Nf6
{[%clk 01:30:41]} {[%emt 00:00:20]} 5. Nc3 {[%clk 01:32:20]} {[%emt 00:00:07]}
g6 {[%clk 01:29:07]} {[%emt 00:02:04]} 6. Nf3 {[%clk 01:29:58]} {[%emt
00:02:52]} Bg7 {[%clk 01:28:43]} {[%emt 00:00:53]} 7. d4 {[%emt 00:05:54]} O-O
{[%clk 01:26:35]} {[%emt 00:00:01]} 8. h3 {[%clk 01:25:14]} {[%emt 00:02:28]}
Nxd5 {[%clk 01:23:47]} {[%emt 00:03:18]} 9. Be2 {[%clk 01:21:35]} {[%emt
00:04:08]} Nf6 {[%clk 01:15:09]} {[%emt 00:09:09]} 10. O-O {[%clk 01:21:21]}
{[%emt 00:00:44]} Nbd7 {[%clk 01:15:02]} {[%emt 00:00:36]} 11. Bg5 {[%clk
01:17:27]} {[%emt 00:04:25]} Nb6 {[%clk 01:13:39]} {[%emt 00:01:53]} 12. Re1
{[%clk 01:16:55]} {[%emt 00:01:02]} Be6 {[%clk 01:12:35]} {[%emt 00:01:34]} 13.
Ne5 {[%clk 01:05:29]} {[%emt 00:11:56]} Bd5 {[%clk 01:04:48]} {[%emt 00:08:17]}
14. Nxd5 {[%clk 01:05:00]} {[%emt 00:00:59]} Nbxd5 {[%clk 01:04:38]} {[%emt
00:00:40]} 15. Bf3 {[%clk 01:04:37]} {[%emt 00:00:52]} e6 {[%clk 01:02:58]}
{[%emt 00:02:11]} 16. Qb3 {[%clk 00:54:09]} {[%emt 00:10:57]} Qd6 {[%clk
00:58:09]} {[%emt 00:05:19]} 17. Qxb7 {[%clk 00:52:50]} {[%emt 00:01:50]} Rab8
{[%clk 00:41:37]} {[%emt 00:17:02]} 18. Qxa7 {[%clk 00:52:48]} {[%emt
00:00:32]} Rxb2 {[%clk 00:41:49]} {[%emt 00:00:18]} 19. Qc5 {[%clk 00:51:09]}
{[%emt 00:02:09]} Qa6 {[%clk 00:40:35]} {[%emt 00:01:43]} 20. a4 {[%clk
00:42:58]} {[%emt 00:08:41]} Rc8 {[%clk 00:38:59]} {[%emt 00:02:06]} 21. Qa3
{[%clk 00:43:06]} {[%emt 00:00:23]} Qb6 {[%clk 00:36:36]} {[%emt 00:02:52]} 22.
Qd3 {[%clk 00:33:54]} {[%emt 00:09:42]} Rc3 {[%clk 00:35:02]} {[%emt 00:02:05]}
23. a5 {[%clk 00:33:11]} {[%emt 00:01:12]} Qa7 {[%clk 00:34:16]} {[%emt
00:01:16]} 24. Qd1 {[%clk 00:28:58]} {[%emt 00:04:43]} Rb4 {[%clk 00:24:30]}
{[%emt 00:10:17]} 25. Bd2 {[%clk 00:26:52]} {[%emt 00:02:36]} Rxd4 {[%clk
00:24:22]} {[%emt 00:00:38]} 26. Bxc3 {[%clk 00:27:04]} {[%emt 00:00:18]} Rxd1
{[%clk 00:24:35]} {[%emt 00:00:17]} 27. Rexd1 {[%clk 00:27:29]} {[%emt
00:00:05]} Nxc3 {[%clk 00:16:19]} {[%emt 00:08:46]} 28. Rd8 {[%clk 00:27:32]}
{[%emt 00:00:27]} Bf8 {[%clk 00:16:35]} {[%emt 00:00:14]} 29. a6 {[%clk
00:18:31]} {[%emt 00:09:30]} Nb5 {[%clk 00:12:12]} {[%emt 00:04:53]} 30. Nc6
{[%clk 00:14:14]} {[%emt 00:04:47]} Qc5 {[%clk 00:10:02]} {[%emt 00:02:40]} 31.
Rb1 {[%clk 00:10:29]} {[%emt 00:04:15]} Kg7 {[%clk 00:05:55]} {[%emt 00:04:37]}
32. Rxb5 {[%clk 00:10:08]} {[%emt 00:00:52]} Qxb5 {[%clk 00:05:20]} {[%emt
00:01:05]} 33. a7 {[%clk 00:10:33]} {[%emt 00:00:05]} Qb1 {[%clk 00:02:40]}
{[%emt 00:03:10]} 34. Kh2 {[%clk 00:10:42]} {[%emt 00:00:21]} Qf5 {[%clk
00:01:49]} {[%emt 00:01:20]} 35. a8=Q {[%emt 00:00:13]} Qf4 {[%clk 00:02:08]}
{[%emt 00:00:11]} 36. Kg1 {[%clk 00:11:21]} {[%emt 00:00:09]} Bd6 {[%clk
00:02:21]} {[%emt 00:00:16]} 37. Rxd6 {[%clk 00:09:39]} {[%emt 00:02:12]} Qxd6
{[%clk 00:02:37]} {[%emt 00:00:15]} 38. Qa1 {[%clk 00:10:04]} {[%emt 00:00:05]}
Qf4 {[%clk 00:02:27]} {[%emt 00:00:40]} 39. Qc3 {[%clk 00:09:21]} {[%emt
00:01:13]} h5 {[%clk 00:02:39]} {[%emt 00:00:18]} 40. g3 {[%clk 00:09:40]}
{[%emt 00:00:11]} Qf5 {[%clk 00:02:34]} {[%emt 00:00:34]} 41. Kg2 {[%clk
00:09:47]} {[%emt 00:00:23]} Qb1 {[%clk 00:00:44]} {[%emt 00:02:20]} 42. h4
{[%clk 00:09:47]} {[%emt 00:00:31]} Qf5 {[%clk 00:00:47]} {[%emt 00:00:27]} 43.
Ne7 {[%clk 00:06:24]} {[%emt 00:03:53]} Qb5 {[%clk 00:29:52]} {[%emt 00:01:19]}
44. Nc6 {[%clk 00:32:54]} {[%emt 00:04:05]} Qf5 {[%clk 00:29:44]} {[%emt
00:00:38]} 45. Qb2 {[%clk 00:32:56]} {[%emt 00:00:29]} Qc5 {[%clk 00:29:24]}
{[%emt 00:00:48]} 46. Nb8 {[%clk 00:32:10]} {[%emt 00:01:17]} Qe7 {[%clk
00:29:01]} {[%emt 00:00:53]} 47. Qe5 {[%clk 00:31:38]} {[%emt 00:01:03]} Qd8
{[%clk 00:28:22]} {[%emt 00:01:08]} 48. Kg1 {[%clk 00:29:50]} {[%emt 00:02:19]}
Qe7 {[%clk 00:25:31]} {[%emt 00:03:20]} 49. Be2 {[%clk 00:29:45]} {[%emt
00:00:35]} Qb7 {[%clk 00:25:18]} {[%emt 00:00:42]} 50. Bf1 {[%clk 00:25:30]}
{[%emt 00:04:46]} Qe7 {[%clk 00:24:59]} {[%emt 00:00:49]} 51. Bb5 {[%clk
00:25:34]} {[%emt 00:00:26]} Qd8 {[%clk 00:23:53]} {[%emt 00:01:36]} 52. Nd7
{[%clk 00:25:47]} {[%emt 00:00:17]} Qe7 {[%clk 00:24:08]} {[%emt 00:00:15]} 53.
f3 {[%clk 00:25:42]} {[%emt 00:00:36]} Qd8 {[%clk 00:22:03]} {[%emt 00:02:36]}
54. g4 {[%clk 00:26:03]} {[%emt 00:00:08]} hxg4 {[%clk 00:22:03]} {[%emt
00:00:29]} 55. fxg4 {[%clk 00:26:28]} {[%emt 00:00:05]} Qe7 {[%clk 00:22:28]}
{[%emt 00:00:06]} 56. g5 {[%clk 00:26:49]} {[%emt 00:00:09]} Qb4 {[%clk
00:22:53]} {[%emt 00:00:05]} 57. Qxf6 {[%clk 00:26:57]} {[%emt 00:00:21]} Kg8
{[%clk 00:23:12]} {[%emt 00:00:10]} 58. Qd8 {[%clk 00:26:43]} {[%emt 00:00:45]}
Kg7 {[%clk 00:23:33]} {[%emt 00:00:10]} 59. Nf6 {[%clk 00:26:57]} {[%emt
00:00:16]} Qc5 {[%clk 00:22:30]} {[%emt 00:01:32]} 60. Kg2 {[%clk 00:21:28]}
{[%emt 00:06:00]} Qc2 {[%clk 00:21:46]} {[%emt 00:01:13]} 61. Kg3 {[%clk
00:19:53]} {[%emt 00:02:06]} Qc3 {[%clk 00:21:36]} {[%emt 00:00:40]} 62. Bd3
{[%clk 00:17:49]} {[%emt 00:02:33]} Qe1 {[%clk 00:21:19]} {[%emt 00:00:45]} 63.
Kf3 {[%clk 00:17:56]} {[%emt 00:00:26]} Qd1 {[%clk 00:19:57]} {[%emt 00:01:51]}
64. Ke3 {[%clk 00:17:24]} {[%emt 00:01:02]} Qe1 {[%clk 00:18:58]} {[%emt
00:01:28]} 65. Be2 {[%clk 00:16:05]} {[%emt 00:01:50]} Qg3 {[%clk 00:18:53]}
{[%emt 00:00:30]} 66. Kd4 {[%clk 00:14:22]} {[%emt 00:02:18]} Qf2 {[%clk
00:16:05]} {[%emt 00:03:18]} 67. Kd3 {[%clk 00:14:14]} {[%emt 00:00:38]} Qg3
{[%clk 00:16:25]} {[%emt 00:00:10]} 68. Kc2 {[%clk 00:14:29]} {[%emt 00:00:16]}
1-0

[Event "DVM U14 2022"]
[Site "Kelheim GER"]
[Date "2022.12.29"]
[Round "5"]
[White "Patzschke, Carlo"]
[Black "Rogalski, Niclas"]
[Result "1-0"]
[Termination "normal"]
[Board "4.2"]
[WhiteElo "1600"]
[BlackElo "1523"]
[WhiteClock "00:14:53"]
[BlackClock "00:00:41"]
[WhiteTeam "USV Halle"]
[BlackTeam "SK Blauer Springer Paderborn 1926 e. V."]
[PlyCount "65"]
[WhiteFideId "34617973"]
[BlackFideId "34640320"]
[EventCountry "GER"]
[EventRounds "7"]
[EventType "team-swiss"]
[EventDate "2022.12.26"]

1. c4 {[%clk 01:30:57]} {[%emt 00:00:05]} Nf6 {[%clk 01:31:23]} {[%emt
00:00:06]} 2. g3 {[%clk 01:31:22]} {[%emt 00:00:05]} e5 {[%clk 01:31:44]}
{[%emt 00:00:08]} 3. Bg2 {[%clk 01:31:46]} {[%emt 00:00:07]} d5 {[%clk
01:32:00]} {[%emt 00:00:14]} 4. cxd5 {[%clk 01:31:59]} {[%emt 00:00:16]} Nxd5
{[%clk 01:32:21]} {[%emt 00:00:09]} 5. Nc3 {[%clk 01:32:23]} {[%emt 00:00:07]}
Nb6 {[%clk 01:32:38]} {[%emt 00:00:13]} 6. Nf3 {[%clk 01:32:13]} {[%emt
00:00:40]} Nc6 {[%clk 01:31:45]} {[%emt 00:01:23]} 7. O-O {[%clk 01:32:20]}
{[%emt 00:00:22]} Be7 {[%clk 01:31:48]} {[%emt 00:00:27]} 8. d3 {[%clk
01:31:45]} {[%emt 00:01:05]} O-O {[%clk 01:31:48]} {[%emt 00:00:30]} 9. a3
{[%clk 01:30:47]} {[%emt 00:01:29]} Be6 {[%clk 01:30:27]} {[%emt 00:01:51]} 10.
b4 {[%clk 01:25:44]} {[%emt 00:05:33]} a6 {[%clk 01:23:42]} {[%emt 00:07:16]}
11. Bb2 {[%clk 01:16:50]} {[%emt 00:09:23]} f6 {[%clk 01:22:12]} {[%emt
00:02:00]} 12. Nd2 {[%clk 01:12:41]} {[%emt 00:04:38]} Qd7 {[%clk 01:15:33]}
{[%emt 00:07:09]} 13. Nce4 {[%clk 01:09:22]} {[%emt 00:03:49]} Rab8 {[%clk
01:03:42]} {[%emt 00:12:21]} 14. Nc5 {[%clk 01:05:14]} {[%emt 00:04:39]} Bxc5
{[%clk 01:00:30]} {[%emt 00:03:41]} 15. bxc5 {[%clk 01:05:36]} {[%emt
00:00:08]} Nd5 {[%clk 00:59:47]} {[%emt 00:01:14]} 16. Qc2 {[%clk 01:01:20]}
{[%emt 00:04:45]} Nde7 {[%clk 00:49:28]} {[%emt 00:10:50]} 17. Rfe1 {[%clk
00:55:25]} {[%emt 00:06:24]} Rfd8 {[%clk 00:41:39]} {[%emt 00:08:19]} 18. Rad1
{[%clk 00:41:40]} {[%emt 00:14:15]} Bd5 {[%clk 00:38:08]} {[%emt 00:04:01]} 19.
e4 {[%clk 00:38:40]} {[%emt 00:03:31]} Be6 {[%clk 00:36:12]} {[%emt 00:02:25]}
20. Nb3 {[%clk 00:37:58]} {[%emt 00:01:13]} Nd4 {[%clk 00:18:09]} {[%emt
00:18:33]} 21. Bxd4 {[%clk 00:37:46]} {[%emt 00:00:41]} exd4 {[%clk 00:18:30]}
{[%emt 00:00:09]} 22. Nd2 {[%clk 00:28:02]} {[%emt 00:10:15]} Nc6 {[%clk
00:16:44]} {[%emt 00:02:16]} 23. f4 {[%clk 00:28:02]} {[%emt 00:00:29]} b6
{[%clk 00:11:54]} {[%emt 00:05:20]} 24. Rc1 {[%clk 00:20:38]} {[%emt 00:07:54]}
b5 {[%clk 00:10:41]} {[%emt 00:01:44]} 25. Rb1 {[%clk 00:20:35]} {[%emt
00:00:32]} Na5 {[%clk 00:06:04]} {[%emt 00:05:08]} 26. e5 {[%clk 00:17:57]}
{[%emt 00:03:07]} f5 {[%clk 00:05:43]} {[%emt 00:00:51]} 27. Rb4 {[%clk
00:15:27]} {[%emt 00:03:00]} c6 {[%clk 00:05:01]} {[%emt 00:01:13]} 28. Nf3
{[%clk 00:15:26]} {[%emt 00:00:31]} Qe7 {[%clk 00:01:01]} {[%emt 00:04:30]} 29.
Nxd4 {[%clk 00:15:29]} {[%emt 00:00:27]} Rbc8 {[%clk 00:00:49]} {[%emt
00:00:41]} 30. Qc3 {[%clk 00:14:37]} {[%emt 00:01:21]} Bd7 {[%clk 00:00:38]}
{[%emt 00:00:42]} 31. e6 {[%clk 00:14:19]} {[%emt 00:00:48]} Be8 {[%clk
00:00:40]} {[%emt 00:00:28]} 32. Nxf5 {[%clk 00:14:38]} {[%emt 00:00:10]} Qc7
{[%clk 00:00:41]} {[%emt 00:00:29]} 33. e7 {[%clk 00:14:53]} {[%emt 00:00:16]}
1-0

[Event "DVM U14 2022"]
[Site "Kelheim GER"]
[Date "2022.12.29"]
[Round "5"]
[White "Klerx, Philipp"]
[Black "Lischka, Marten"]
[Result "1-0"]
[Termination "normal"]
[Board "4.3"]
[WhiteElo "1400"]
[BlackElo "1598"]
[WhiteClock "00:15:37"]
[BlackClock "00:10:54"]
[WhiteTeam "SK Blauer Springer Paderborn 1926 e. V."]
[BlackTeam "USV Halle"]
[PlyCount "79"]
[WhiteFideId "34640274"]
[BlackFideId "34603328"]
[EventCountry "GER"]
[EventRounds "7"]
[EventType "team-swiss"]
[EventDate "2022.12.26"]

1. e4 {[%clk 01:30:58]} {[%emt 00:08:06]} e5 {[%clk 01:30:56]} {[%emt
00:00:06]} 2. Nf3 {[%clk 01:31:23]} {[%emt 00:00:03]} Nc6 {[%clk 01:31:22]}
{[%emt 00:00:05]} 3. Bc4 {[%clk 01:31:48]} {[%emt 00:00:03]} Bc5 {[%clk
01:31:47]} {[%emt 00:00:05]} 4. b4 {[%clk 01:32:04]} {[%emt 00:00:15]} Bxb4
{[%clk 01:27:05]} {[%emt 00:05:13]} 5. c3 {[%clk 01:31:02]} {[%emt 00:01:32]}
Be7 {[%clk 01:25:31]} {[%emt 00:02:03]} 6. d4 {[%clk 01:29:27]} {[%emt
00:02:05]} d6 {[%clk 01:24:09]} {[%emt 00:01:51]} 7. Qb3 {[%clk 01:21:12]}
{[%emt 00:08:46]} Na5 {[%clk 01:14:19]} {[%emt 00:10:20]} 8. Bxf7 {[%clk
01:20:53]} {[%emt 00:00:49]} Kf8 {[%clk 01:14:39]} {[%emt 00:00:09]} 9. Qa4
{[%clk 01:19:40]} {[%emt 00:01:44]} Kxf7 {[%clk 01:12:47]} {[%emt 00:02:22]}
10. Qxa5 {[%clk 01:20:02]} {[%emt 00:00:08]} b6 {[%clk 01:00:30]} {[%emt
00:12:46]} 11. Qa4 {[%clk 01:11:07]} {[%emt 00:09:26]} Bd7 {[%clk 00:55:28]}
{[%emt 00:05:32]} 12. Qc2 {[%clk 01:06:03]} {[%emt 00:05:33]} Bf6 {[%clk
00:52:16]} {[%emt 00:03:43]} 13. Be3 {[%clk 01:01:55]} {[%emt 00:04:38]} Ne7
{[%clk 00:49:56]} {[%emt 00:02:50]} 14. O-O {[%clk 01:01:51]} {[%emt 00:00:34]}
Ng6 {[%clk 00:49:20]} {[%emt 00:01:05]} 15. Nbd2 {[%clk 00:57:37]} {[%emt
00:04:45]} Qe7 {[%clk 00:47:19]} {[%emt 00:02:31]} 16. Rfe1 {[%clk 00:50:13]}
{[%emt 00:07:54]} Rhf8 {[%clk 00:44:34]} {[%emt 00:03:14]} 17. Nf1 {[%clk
00:49:37]} {[%emt 00:01:06]} Rae8 {[%clk 00:40:55]} {[%emt 00:04:10]} 18. Ng3
{[%clk 00:48:59]} {[%emt 00:01:08]} Kg8 {[%clk 00:40:41]} {[%emt 00:00:44]} 19.
Nh5 {[%clk 00:47:16]} {[%emt 00:02:13]} exd4 {[%clk 00:38:19]} {[%emt
00:02:52]} 20. Nxf6 {[%clk 00:43:01]} {[%emt 00:04:44]} gxf6 {[%clk 00:38:04]}
{[%emt 00:00:45]} 21. Bh6 {[%clk 00:40:17]} {[%emt 00:03:14]} Rf7 {[%clk
00:25:19]} {[%emt 00:13:15]} 22. cxd4 {[%clk 00:37:54]} {[%emt 00:02:54]} Bg4
{[%emt 00:00:22]} 23. Qc3 {[%clk 00:32:54]} {[%emt 00:05:28]} Bxf3 {[%clk
00:24:54]} {[%emt 00:01:04]} 24. Qxf3 {[%clk 00:32:44]} {[%emt 00:00:40]} f5
{[%clk 00:24:44]} {[%emt 00:00:42]} 25. e5 {[%clk 00:29:04]} {[%emt 00:04:09]}
dxe5 {[%clk 00:23:51]} {[%emt 00:01:23]} 26. dxe5 {[%clk 00:28:53]} {[%emt
00:00:41]} Qh4 {[%clk 00:23:12]} {[%emt 00:01:09]} 27. Bd2 {[%clk 00:22:37]}
{[%emt 00:06:46]} Nxe5 {[%clk 00:22:22]} {[%emt 00:01:19]} 28. Qb3 {[%clk
00:22:12]} {[%emt 00:00:55]} Qg4 {[%clk 00:20:00]} {[%emt 00:02:53]} 29. f4
{[%emt 00:03:28]} Rd8 {[%clk 00:18:11]} {[%emt 00:02:17]} 30. Rxe5 {[%clk
00:17:47]} {[%emt 00:01:59]} Rxd2 {[%emt 00:00:13]} 31. Re8 {[%emt 00:00:22]}
Kg7 {[%clk 00:17:31]} {[%emt 00:01:25]} 32. Qc3 {[%clk 00:18:21]} {[%emt
00:00:06]} Kh6 {[%clk 00:13:29]} {[%emt 00:04:31]} 33. Qxd2 {[%clk 00:18:09]}
{[%emt 00:00:42]} Rg7 {[%clk 00:12:46]} {[%emt 00:01:13]} 34. Re6 {[%clk
00:16:27]} {[%emt 00:02:11]} Rg6 {[%clk 00:12:32]} {[%emt 00:00:45]} 35. Rae1
{[%clk 00:16:11]} {[%emt 00:00:45]} c5 {[%clk 00:12:23]} {[%emt 00:00:40]} 36.
g3 {[%clk 00:15:44]} {[%emt 00:00:57]} a6 {[%clk 00:10:36]} {[%emt 00:02:17]}
37. Qd6 {[%clk 00:15:05]} {[%emt 00:01:09]} Qf3 {[%clk 00:10:28]} {[%emt
00:00:38]} 38. Rxg6 {[%clk 00:15:09]} {[%emt 00:00:26]} hxg6 {[%clk 00:10:56]}
{[%emt 00:00:02]} 39. Qf8 {[%clk 00:15:25]} {[%emt 00:00:15]} Kh5 {[%clk
00:10:54]} {[%emt 00:00:31]} 40. Qh8 {[%clk 00:15:37]} {[%emt 00:00:08]} 1-0

[Event "DVM U14 2022"]
[Site "Kelheim GER"]
[Date "2022.12.29"]
[Round "5"]
[White "Knüpfer, Johannes"]
[Black "Nolte, Matthis"]
[Result "1-0"]
[Termination "normal"]
[Board "4.4"]
[WhiteElo "1242"]
[BlackElo "1220"]
[WhiteClock "01:06:45"]
[BlackClock "00:18:00"]
[WhiteTeam "USV Halle"]
[BlackTeam "SK Blauer Springer Paderborn 1926 e. V."]
[PlyCount "47"]
[WhiteFideId "34605967"]
[BlackFideId "34640304"]
[EventCountry "GER"]
[EventRounds "7"]
[EventType "team-swiss"]
[EventDate "2022.12.26"]

1. e4 {[%clk 01:30:58]} {[%emt 00:08:05]} e5 {[%clk 01:30:58]} {[%emt
00:00:03]} 2. Nf3 {[%clk 01:31:20]} {[%emt 00:00:08]} Nc6 {[%clk 01:31:23]}
{[%emt 00:00:05]} 3. Bc4 {[%clk 01:31:44]} {[%emt 00:00:06]} Bc5 {[%clk
01:31:49]} {[%emt 00:00:04]} 4. c3 {[%clk 01:32:07]} {[%emt 00:00:06]} Nf6
{[%clk 01:32:13]} {[%emt 00:00:06]} 5. d4 {[%clk 01:32:26]} {[%emt 00:00:11]}
exd4 {[%clk 01:32:30]} {[%emt 00:00:13]} 6. O-O {[%clk 01:32:47]} {[%emt
00:00:09]} O-O {[%clk 01:31:45]} {[%emt 00:01:16]} 7. cxd4 {[%clk 01:32:44]}
{[%emt 00:00:32]} Bb6 {[%clk 01:31:08]} {[%emt 00:01:07]} 8. d5 {[%clk
01:32:14]} {[%emt 00:01:01]} Na5 {[%clk 01:31:04]} {[%emt 00:00:33]} 9. Bd3
{[%clk 01:32:34]} {[%emt 00:00:10]} c5 {[%clk 01:23:16]} {[%emt 00:08:19]} 10.
d6 {[%clk 01:28:30]} {[%emt 00:04:34]} Re8 {[%clk 01:20:06]} {[%emt 00:03:40]}
11. Bg5 {[%clk 01:21:23]} {[%emt 00:07:37]} h6 {[%clk 01:18:16]} {[%emt
00:02:20]} 12. Bh4 {[%clk 01:21:12]} {[%emt 00:00:40]} Nc6 {[%clk 01:08:15]}
{[%emt 00:10:31]} 13. Qe2 {[%clk 01:18:05]} {[%emt 00:03:37]} c4 {[%clk
01:03:18]} {[%emt 00:05:27]} 14. Bxc4 {[%clk 01:15:10]} {[%emt 00:03:25]} Nd4
{[%clk 00:54:12]} {[%emt 00:09:37]} 15. Nxd4 {[%clk 01:14:44]} {[%emt
00:00:56]} Bxd4 {[%clk 00:54:09]} {[%emt 00:00:32]} 16. Bxf7 {[%clk 01:15:07]}
{[%emt 00:00:08]} Kxf7 {[%emt 00:00:56]} 17. Qc4 {[%clk 01:15:22]} {[%emt
00:00:11]} Kf8 {[%clk 00:51:06]} {[%emt 00:03:11]} 18. Qxd4 {[%clk 01:15:41]}
{[%emt 00:00:11]} g5 {[%clk 00:48:01]} {[%emt 00:03:35]} 19. e5 {[%clk
01:12:56]} {[%emt 00:03:14]} Ng8 {[%clk 00:45:01]} {[%emt 00:03:30]} 20. Bg3
{[%clk 01:12:20]} {[%emt 00:01:06]} Re6 {[%clk 00:31:01]} {[%emt 00:14:30]} 21.
Nc3 {[%clk 01:11:01]} {[%emt 00:01:50]} Rg6 {[%clk 00:29:26]} {[%emt 00:02:04]}
22. Nd5 {[%clk 01:09:57]} {[%emt 00:01:34]} b6 {[%clk 00:26:45]} {[%emt
00:03:11]} 23. f4 {[%clk 01:09:12]} {[%emt 00:01:16]} Ba6 {[%clk 00:18:00]}
{[%emt 00:09:14]} 24. f5 {[%clk 01:06:45]} {[%emt 00:02:57]} 1-0